Applied crises communication and crises management: cases and exercises

Salvato in:
Dettagli Bibliografici
Autore principale: COOMBS, W. Timothy
Natura: Libro
Lingua:inglese
Pubblicazione: SAG E, 2014
Tags: Aggiungi Tag
Nessun Tag, puoi essere il primo ad aggiungerne!!

MARC

LEADER 00000nam a22000007a 4500
008 210820b ||||| |||| 00| 0 eng d
020 |a ISBN: 978-1-4522-1780-2 
100 |a COOMBS, W. Timothy 
245 |a Applied crises communication and crises management:   |b  cases and exercises  |c Timothy, Coombs W.  |g 245p. 
260 |b  SAG E,   |c  2014  |h Los Angeles  |i 693229 – ADM.   |i 693230  |l HD49 .C77  |m 1. Crises management.  |m 2. Business communication.  |m 3. Management. 
500 |a “It includes index and references” 
942 |a lcc  |c BK  |e j. o. ifatola  |f 20/ 08/ 2021 
952 |0 0  |1 0  |2 lcc  |4 0  |6 HD00587 S T1  |7 0  |9 3207  |a MPL  |b HOL  |c GJ  |d 2021-08-20  |l 0  |o HD58.7 .St1  |p 2021-66905  |r 2021-08-20 00:00:00  |w 2021-08-20  |y BK 
952 |0 0  |1 0  |2 lcc  |4 0  |6 HD00587 S T1  |7 0  |9 3208  |a MPL  |b HOL  |c GJ  |d 2021-08-20  |l 0  |o HD58.7 .St1  |p 2021-66906  |r 2021-08-20 00:00:00  |w 2021-08-20  |y BK 
999 |c 1612  |d 1612